000 00240nam a22000857a 4500
008 160720b xxu||||| |||| 00| 0 eng d
100 _93073
_aMurphy J
245 _aThe power of your subconscious Mind
260 _aNew Delhi
_bA & A Publication
_c2012
999 _c2636
_d2636